Countries By Colony - Statistics

General Stats
  • This quiz has been taken 74 times
  • The average score is 9 of 10
Answer Stats
Hint Answer % Correct
Ecuador Spain
99%
Vietnam France
97%
Congo Belgium
96%
Indonesia Netherlands
96%
Alaska Russia
96%
Iceland Denmark
94%
Libya Italy
93%
Mozambique Portugal
93%
Liberia United States
93%
Tanzania Germany
77%
No matching quizzes found
Score Distribution
Percent of People with Each Score
Percentile by Number Answered
Your Score History
You have not taken this quiz